Design with Operational Amplifiers and Analog Integrated Circuits (Record no. 248522)

MARC details
000 -LEADER
fixed length control field 00416nam a2200157Ia 4500
008 - FIXED-LENGTH DATA ELEMENTS--GENERAL INFORMATION
fixed length control field 240921s9999||||xx |||||||||||||| ||und||
100 ## - MAIN ENTRY--PERSONAL NAME
Personal name Sergio Franco
245 #0 - TITLE STATEMENT
Title Design with Operational Amplifiers and Analog Integrated Circuits
250 ## - EDITION STATEMENT
Edition statement IIIrd
260 ## - PUBLICATION, DISTRIBUTION, ETC. (IMPRINT)
Date of publication, distribution, etc 2002
Name of publisher, distributor, etc TMH New D
650 ## - SUBJECT ADDED ENTRY--TOPICAL TERM
Topical term or geographic name as entry element Integrated Circuit
942 ## - ADDED ENTRY ELEMENTS (KOHA)
Item type Book Bank
Holdings
Withdrawn status Lost status Damaged status Permanent location Current location Shelving location Date acquired Source of acquisition Cost, normal purchase price Barcode Date last seen Koha item type
      CENTRAL LIBRARY, NOORUL ISLAM CENTRE FOR HIGHER EDUCATION CENTRAL LIBRARY, NOORUL ISLAM CENTRE FOR HIGHER EDUCATION     Nil 225.00 BB 678 09/21/2024 Book Bank
Visitors:
Copyright © 2024 Central Library NICHE.  All rights reserved.